00422pab a2200157 454500008004000000100002000040245008200060260000900142300001500151362001200166650001200178650001000190700002500200700001300225773002600238180718b2015 xxu||||| |||| 00| 0 eng d aShekhar, Beulah aThe victim turned offender: an empirical study in playamkottai central prison c2015 ap.155-167. aOct-Dec aPrisons aCrime aSomasundaram, Vijaya aRaja, S. aIndian Police Journal